Prefectures of Guangdong on a Map - Statistics

General Stats
  • This quiz has been taken 104 times
  • The average score is 14 of 21
Answers on the Map
Answers color-coded by a green-red scale on the quiz's map according to % correct below.
 
Answer Stats
Prefecture-level cities % Correct
Guangzhou
99%
Shenzhen
99%
Dongguan
88%
Foshan
84%
Zhuhai
81%
Shantou
76%
Zhongshan
75%
Zhanjiang
72%
Chaozhou
69%
Huizhou
69%
Maoming
67%
Jiangmen
66%
Qingyuan
63%
Meizhou
60%
Shaoguan
58%
Jieyang
57%
Zhaoqing
57%
Shanwei
55%
Heyuan
52%
Yunfu
48%
Yangjiang
46%
No matching quizzes found
Score Distribution
Percent of People with Each Score
Percentile by Number Answered
Your Score History
You have not taken this quiz